000
00316 a2200145 4500
001
170976
020
_a
040
_c
Magnum
100
_a
Associacao Parceria Contra Drogas
240
1
0
_a
Crescendo sem drogas
_l
por
245
1
0
_a
Crescendo sem drogas
362
0
_a
1899
697
_a
PARADIDATICOS
942
_c
BK
999
_c
170976
_d
170976